| 000 | 00669nam a22001337a 4500 | ||
|---|---|---|---|
| 040 | _cRUA | ||
| 082 | _aAVM SEM 2012 B101 Or.1 | ||
| 100 | _aSEM VICHHAY | ||
| 245 | _aSurvey food and mouth disease in cattle at borset district, kompong spue province, (ការអង្កេតកអំពីកម្រិតរាលដាលនៃជំងឺអុតក្ដាមគោ នៅក្នុងស្រុកបរសេដ្ឋ ខេត្តកំពង់ស្ពឺ) | ||
| 260 |
_aPhnom Penh _bRua _c2012 |
||
| 300 |
_aviii; 39p. _bill. _c29cm. |
||
| 856 | _uhttps://drive.google.com/file/d/1Dath55s-X3stjh3cWBSotTNCere7E4hG/view?usp=sharing | ||
| 942 | _cAVM | ||
| 999 |
_c2636 _d2636 |
||